000 00364nam a2200145Ia 4500
008 100122s9999 xx 000 0 und d
082 _b35373
_a821
100 _aबागवे अशोक
245 _aआलम
260 _bमौज प्रकाशन गृह
_c1905
300 _a81
630 _aआलम
730 _aआलम
942 _cBOOK
999 _c418638
_d418635